| 000 | 00772nam a2200241 i 4500 | ||
|---|---|---|---|
| 001 | 88781 | ||
| 003 | ES-MaACL | ||
| 005 | 20251124152123.0 | ||
| 007 | t| | ||
| 008 | 041217s1992 sp ||||1| spa d | ||
| 020 | _a84-249-1605-0 | ||
| 080 | _a937"-0030/+0476" | ||
| 100 | 1 |
_aZosimus. _9118366 |
|
| 245 | 1 | 0 |
_aNueva historia / _cZósimo ; introducción, traducción y notas de José Mª Candau Morón. |
| 260 |
_aMadrid : _bGredos, _c[1992] |
||
| 300 |
_a560 p. ; _c20 cm. |
||
| 490 | 1 |
_aBiblioteca clásica Gredos ; _v174 |
|
| 651 | 4 |
_aRoma- _xHistoria- _y30 a.C.-476 d.C., Imperio. _99319 |
|
| 700 | 1 |
_aCandau Morón, José Mª, _d1948- _934446 |
|
| 830 | 1 |
_aBiblioteca clásica Gredos ; _v174 _9177556 |
|
| 852 |
_aES-MaACL _jE-10611 |
||
| 999 |
_c88781 _d88781 |
||